| 000 | 00669nam a22002177a 4500 | ||
|---|---|---|---|
| 003 | DO-SdBNP | ||
| 005 | 20171124154743.0 | ||
| 008 | 171124b 1977 sp a|| |||| 00| 0 spa d | ||
| 020 | _a8485146549 | ||
| 040 |
_aBPMSU _bspa _cBPMSU |
||
| 082 |
_axxxxx _bxxxxx |
||
| 100 | 1 | _aDisney, Walt | |
| 245 | 1 | 3 |
_aLas maravillas de la selva / _cWalt Disney ; adaptación Georges Sherman |
| 260 |
_aEspaña : _bMas-Ivars, _c1977. |
||
| 300 |
_a176 p. : _bil. ; _c28 cm. |
||
| 500 | _aUna descripción apasionante de la vida de la selva. | ||
| 700 | 1 | _aSherman, Georges | |
| 942 |
_2ddc _cBK |
||
| 945 | _aInventariado extranjero / 2017 BT | ||
| 956 |
_aBTAVAREZ _b10 _c2011124 _d0038 |
||
| 999 |
_c13104 _d13104 |
||